Estatísticas para Ruanda

Clique aqui para jogar o quiz

Estatísticas Gerais

  • Esse quiz foi jogado 5 vezes
  • A pontuação média é 6 de 12

Estatísticas das Respostas

HintResposta% Correto
Onde fica?África
100%
Qual é o seu idioma?Inglês
100%
Qual é o seu tipo de clima?Tropical
100%
Qual é a sua principal atividade económica?Agricultura
75%
Qual é a sua religião?Cristianismo
75%
Qual é o seu código ISO?RWA
75%
De que país é independente?Bélgica
50%
Qual é a sua capital?Quigali
25%
Qual é a sua moeda?Franco ruandês
0%
Qual é o seu ponto mais alto?Karisimbi
0%
Qual é o maior rio do país?Niabarongo
0%
Por que apelido é chamado o país?País das Mil Colinas
0%

Distribuição das Pontuações

Percentil de Números Respondidos

Porcentagem de Pessoas com Cada Pontuação

Sua Pontuação Histórica

Você não jogou esse quiz